MARC

Tag First Indicator Second Indicator Subfields
LEADER 00000cas a2200000 a 4500
001 in00000839613
005 20151019053037.0
008 811101c19779999dcuar f0uuua0eng d
010 |a gp 84005401  
035 |a (OCoLC)07908752 
035 |9 AEA1910AM 
037 |b U.S. Dept. of Housing and Urban Development, Washington, D.C. 20410 
040 |a GPO  |c GPO  |d UtOrBLW 
043 |a n-us--- 
074 |a 581 
086 0 |a HH 1.1: 
110 1 |a United States.  |b Department of Housing and Urban Development. 
240 1 0 |a Annual report (1977) 
245 1 0 |a Annual report /  |c U.S. Department of Housing and Urban Development. 
264 1 |a [Washington, D.C.?] :  |b The Department. 
300 |a volumes :  |b illustrations ; 28 cm. 
310 |a Annual 
336 |a text  |b txt  |2 rdacontent 
337 |a unmediated  |b n  |2 rdamedia 
338 |a volume  |b nc  |2 rdacarrier 
362 1 |a Began with 13th, 1977. 
500 |a Title from cover. 
500 |a "A supplemental statistical analysis will be published separately"--P. 2 of cover. 
500 |a Description based on: [16th] 1980. 
610 1 0 |a United States.  |b Department of Housing and Urban Development  |x Periodicals. 
780 0 0 |a United States. Dept. of Housing and Urban Development.  |t Annual report of the U.S. Department of Housing and Urban Development 
999 |a MARS 
999 f f |s aef38d42-1d3e-3e1b-a9f2-4aba31a7fcd8  |i e8f71082-2b04-3dc5-8bfb-c2f9210418cf  |t 0 
952 f f |p normal  |a Texas A&M University  |b College Station  |c Sterling C. Evans Library  |d Evans: US Documents (Annex 5th floor)  |t 0  |e HH 1.1:  |h Superintendent of Documents classification  |i unmediated -- volume 
998 f f |a HH 1.1:  |t 0  |l Evans: US Documents (Annex 5th floor)